000 01187nam a2200301 a 4500
999 _c130334
_d130334
001 4299402
003 ARRUPE
005 20200207112552.0
008 860303s1986 mauabc 001 0aeng
010 _a 86080573
020 _a087923637X :
_c$24.95
040 _aDLC
_cDLC
_dDLC
043 _ae-uk-en
_ae-uk-wl
_ae-uk---
050 0 0 _aDA533.K47
082 0 0 _a283/.092/4
_aB
_219
100 1 _aKilvert, Robert Francis,
_d1840-1879.
_949464
245 1 0 _aKilvert's diary, 1870-1879 :
_bSelections from the Diary of Rev. francis Kilvert /
_cChosen, edited and introduced by William Plomer.
260 _aLondon :
_bBook Club Associates,
_c1979
300 _a150 p. :
_bill. (some col.), maps, ports. ;
_c20 cm.
610 2 0 _aChurch of England
_xClergy
_xDiaries.
_949465
650 0 _aAnglican Communion
_zWales
_xClergy
_xDiaries.
_949466
650 0 _aCountry life
_zGreat Britain
_xHistory
_y19th century.
_949467
651 0 _aEngland
_xSocial life and customs
_y19th century.
_949331
651 0 _aClyro Region (Powys)
_xSocial life and customs.
_949468
700 1 _aPlomer, William,
_d1903-1973.
_949469
906 _a7
_bcbc
_corignew
_d3
_eopcn
_f19
_gy-gencatlg
942 _2lcc
_cMONOGRAPH